000 00408nam a2200145Ia 4500
008 230917s9999||||xx |||||||||||||| ||und||
040 _e57195
_aMAIN
041 _aEnglish
082 _a323.4 D586R
100 _aDuchacek, Ivo D
245 0 _aRights and liberties in the world today: Constitutional promise and reality
260 _aSanta Barbara
_bABC-CLIO
_c1973
300 _axiii, 269 p.
942 _cBK
999 _c201433
_d201433